000 00547nam a22001577a 4500
003 NUST
082 _a200
100 _aUllah, Wasi
_9118444
245 _aA Novel Wavelength Shift Keying Technique for the Transmission of Bidirectional Data over FSO Link/
_cWasi Ullah,
264 _aIslamabad :
_bSEECS, NUST,
_c2023.
300 _a58 p. ;
_c30 cm.
650 _aMS- Electrical Engineering
_923567
700 _aSupervisor: Dr. Salman Abdul Ghafoor
_996748
856 _uhttp://10.250.8.41:8080/xmlui/handle/123456789/37295
942 _2ddc
_cSC
999 _c603389
_d603389